000 00759cam a22002174a 4500
001 12936943
005 20241106115410.0
008 020919s2004 njua b 001 0 eng
020 _a9780471204596
050 0 0 _aQA76.76.D47
_bB73 2004
082 0 0 _a005.1
_221
100 1 _aBraude, Eric J.
245 1 0 _aSoftware design :
_bfrom programming to architecture /
_cEric J. Braude.
260 _aHoboken, NJ :
_bJ. Wiley,
_cc2004.
300 _axx, 550 p. :
_bill. ;
_c24 cm.
650 0 _aComputer software
_xDevelopment.
650 0 _aSystem design.
856 4 2 _3Publisher description
_uhttp://www.loc.gov/catdir/description/wiley036/2002190816.html
856 4 1 _3Table of contents
_uhttp://www.loc.gov/catdir/toc/wiley031/2002190816.html
942 _2lcc
_cBK
_n0
999 _c687
_d687